000 01062cam a22003135i 4500
999 _c22176
_d22148
001 2579641
003 EG-ScBUE
005 20201027121439.0
008 960515s1996 nyu frb 000 0 eng d
020 _a0486294501 (pbk.)
020 _a9780486294506
040 _aDLC
_beng
_erda
_cDLC
_dDLC
_dEG-ScBUE
_dEG-ScBUE
082 0 4 _a811.0080897
_bNAT
_222
245 0 0 _aNative American songs and poems :
_ban anthology /
_cedited by Brian Swann.
264 1 _aNew York :
_bDover Publications,
_c1996.
300 _aviii, 56 pages ;
_c21 cm
336 _atext
_btxt
_2rdacontent
337 _aunmediated
_bn
_2rdamedia
338 _avolume
_bnc
_2rdacarrier
490 0 _aDover thrift editions.
504 _aIncludes bibliographical references.
650 7 _aAmerican poetry
_xIndian authors.
_2BUEsh
_940751
650 7 _aIndians of North America
_vMusic.
_2BUEsh
_940753
650 7 _aIndian poetry
_vTranslations into English.
_2BUEsh
_940752
651 _2BUEsh
653 _bHHUUEENN
_cAugust 2016
700 1 _aSwann, Brian,
_eeditor.
_940754
942 _2ddc
_cBB